00764nam a2200205Ia 4500003000900000008004100009020001800050040001600068080001500084100002700099245013000126260003800256300001400294650005100308650002500359700003000384942000700414999001700421952012000438IN-BaIIA211028s9999 xx 000 0 eng d a0-471-50315-0 cIIA Library a519.6bULS aUlsoy, A. Galip928288 0aMicrocomputer applications in manufacturingcA Galip Ulsoy and Warren R. Devries  aNew YorkbJohn Wiley & Sonsc1989 axi, 368p. aManufacturing processes-data processing928289 aMicrocomputers99969 aDevries, Warren R.928290 cBK c15332d15332 00104070aBANbBANcGENd2003-08-14g512.00l0o519.6/ ULSp16254r2021-11-05v512.00w2003-08-14yBKGRs. 512.00